000 00549nam a2200181Ia 4500
008 090124s9999 xx 000 0 und d
082 _b132019
100 _aनाईक गुरुनाथ
245 _a गोगलगाईचा संदेश
250 _a1
260 _c2003
300 _a112
600 _aनाईक गुरुनाथ
630 _a गोगलगाईचा संदेश
700 _aनाईक गुरुनाथ
730 _a गोगलगाईचा संदेश
942 _cBOOK
999 _c178108
_d178108